| 000 | 00816nam a2200229 i 4500 | ||
|---|---|---|---|
| 001 | 69909 | ||
| 003 | ES-MaACL | ||
| 005 | 20250223234433.0 | ||
| 007 | t| | ||
| 008 | 040713s1982 sp |||| | spa d | ||
| 020 | _a84-206-6108-2 | ||
| 080 | _a821.134.2-14"19" | ||
| 100 | 1 |
_aGarcía Lorca, Federico, _d1898-1936 _954853 |
|
| 245 | 1 | 0 |
_aPoema del cante jondo, 1921 : _bseguido de tres textos teóricos de Federico García Lorca y Manuel de Falla / _cFederico García Lorca ; edición, introducción y notas, Mario Hernández. |
| 260 |
_a[Madrid] : _bAlianza Editorial, _c[1982] |
||
| 300 |
_a221 p. ; _c18 cm. |
||
| 504 | _aBibliografía. | ||
| 700 | 1 |
_aFalla, Manuel de, _d1876-1946 _948756 |
|
| 700 | 1 |
_aHernández, Mario, _d1945- _9151331 |
|
| 852 | 4 |
_aES-MaACL _jL-3217 |
|
| 999 |
_c69909 _d69909 |
||